000 00368cam a2200157ua 4500
041 _aeng
_h
082 _a335.4
_bMAR/CA
100 _aMarx, Karl .
245 _aCapital, Vol 1 /
_cKarl Marx.
_hTextual Documents
250 _a1 /
_b.
260 _aMoscow :
_bProgress publishing ,
_c1965.
300 _a807 ; .
504 _a
942 _cBK
999 _c2150
_d2150